Literacy in the new media age

Gespeichert in:
Bibliographische Detailangaben
1. Verfasser: Kress, Gunther (VerfasserIn)
Format: Buch
Sprache:Englisch
Veröffentlicht: Oxford Routledge 2003
Ausgabe:1a. ed
Schriftenreihe:Literacies
Schlagworte:
Tags: Tag hinzufügen
Keine Tags, Fügen Sie den ersten Tag hinzu!

MARC

LEADER 00000nam a2200000 a 4500
001 UCK5475
003 CL-VaPUC
008 050805e20030000UK |||||||||||||||||eng|d
020 |a 041525356X 
082 0 4 |a 306.44  |b KRE  |2 21 
100 |a Kress, Gunther  |e author  |9 594206 
245 1 0 |a Literacy in the new media age 
250 |a 1a. ed 
300 |a 186 p 
942 |c BK 
945 |d 20050805 00:00:00  |a cmena 
260 |a Oxford  |b Routledge  |c 2003 
650 0 |a Sociolingüística  |9 263716 
650 0 |a Educación lingüística  |9 306506 
650 0 |a Investigación lingüística  |9 329785 
650 0 |a Edad media  |9 258041 
583 |a last modification  |c 20050805 00:00:00  |k Rodrigo Vera 
490 0 |a Literacies 
999 |c 313986  |d 313984 
952 |0 0  |1 0  |4 0  |6 306_440000000000000_KRE_2003  |7 0  |8 A  |9 385847  |a FDOPOS  |b FDOPOS  |d 2019-11-22  |i 4151496  |o 306.44 KRE 2003  |p 4151496  |r 2025-01-22  |w 2019-11-22  |y BK  |k MLA